Brunon z Querfurtu w Polsce i krajach sa̜siednich
| Titel: | Brunon z Querfurtu w Polsce i krajach sa̜siednich : w tysia̜clecie śmierci 1009 - 2009 / Jan Tyszkiewicz |
|---|---|
| Verfasser: | |
| Veröffentlicht: | Pułtusk : Akademia Humanistyczna im. Aleksandra Gieysztora, 2009 |
| Umfang: | 223 S. : Ill. |
| Format: | Buch |
| Sprache: | Polnisch |
| ISBN: | 9788375490824 ; 8375490822 |
| Hinweise zum Inhalt: |
Inhaltsverzeichnis
|
alg: 22493805 001A $03004:09-07-10 001B $01999:03-06-23 $t05:00:00.000 001C $03004:09-07-10 $t13:54:38.000 001D $03004:09-07-10 001U $0utf8 001X $00 002@ $0Aau 003@ $0224938053 003O $0636438151 $aOCoLC 004A $A978-83-7549-082-4 004A $083-7549-082-2 007A $0224938053 $aHEB 007G $0DE02073040581DF29AE67C12578B2002B616C 007T $0Herdhh224938053 009P $qapplication/pdf $A2 $3Inhaltsverzeichnis $uhttp://scans.hebis.de/HEBCGI/show.pl?22493805_toc.pdf $mV:DE-603;B:DE-Mb50 010@ $apol 011@ $a2009 021A $aBrunon z Querfurtu w Polsce i krajach sa̜siednich $dw tysia̜clecie śmierci 1009 - 2009 $hJan Tyszkiewicz 027A/01 $aBrun von Querfurt in Polen und den benachbarten Ländern im tausendsten Todesjahr 028A $#Tyszkiewicz, Jan Wacław $7128923806 $8Tyszkiewicz, Jan$Z1939- [Tp1] $9124403042 033A $pPułtusk $nAkademia Humanistyczna im. Aleksandra Gieysztora 034D $a223 S. 034M $aIll. 037A $aInhaltsverz. und Zsfassung in engl. Sprache u.d.T.: Bruno of Querfurt in Poland and neighbouring countries on one thousand-year anniversary of his death. - Beiträge teilw. latein. 039U $8--Aox--Mühle, Eduard$Z1957- [Tp1]. Tyszkiewicz, Jan, 1939-. Brunon z Querfurtu w Polsce i krajach sa̜siednich. - Pułtusk : Akademia Humanistyczna im. Aleksandra Gieysztora. - 2009 [Rezension], 2010 $9394812352 044K $#Bruno$#Bonifatius $#Bonifatius $#Bruno $#Bruno $#Bruno $#Bruno $#Bruno $#Bonifatius $#Bruno $#Brun $#Brunon $#Carinthia, Bruno von $#Bruno $#Brunon $#Brun $7118674749 $8$PBruno$lQuerfurtensis$Z974-1009 [Tp1] $9087015617 045F $a200.9438 $eDDC23BSB 045F/01 $a200.9 045F/03 $g438 045G $a929.09439 $eDDC23BSB 045G/01 $a929 045G/03 $g439 045G/03 $g438 045G/03 $g4382 045G/03 $g43832 046C $aBrun von Querfurt in Polen und den benachbarten Ländern im tausendsten Todesjahr $bÜbers. des Hauptsacht. lok: 22493805 24 101B $009-07-10 $t13:54:38.000 101C $009-07-10 101U $0utf8 145Z/01 $a2 B 2239 145Z/02 $a32 11 A exp: 22493805 24 1 #EPN 201B/01 $009-07-10 $t13:54:38.000 201C/01 $009-07-10 201U/01 $0utf8 203@/01 $0596175221 208@/01 $a09-07-10 $bz 209A/01 $a10.3185 $du $f050 $h10 3185 $x00 209C/01 $a10.3185 K $h10 3185 K 209G/01 $a72667212 $x00 220C/01 $anie 244Z/01 $#Bruno $#Bonifatius $#Bonifatius $#Bruno $#Bruno $#Bruno $#Bruno $#Bruno $#Bonifatius $#Bruno $#Brun $#Brunon $#Carinthia, Bruno von $#Bruno $#Brunon $#Brun $7118674749 $8--Tp1--$PBruno$lQuerfurtensis$Z974-1009 $x01 $9087015617 247C/01 $8358050-7 Marburg, Bibliothek des Herder-Instituts Marburg $9102600961 lok: 22493805 78 exp: 22493805 78 1 #EPN 201B/01 $005-06-20 $t23:04:09.000 201U/01 $0utf8 203@/01 $0794551580 208@/01 $a12-11-16 $be 209A/01 $a/ $f000 $x00 220C/01 $aAnmerkung: *NG; *LvP 237A/01 $aweiterführende Signatur(en): Herder-Institut: 10.3185 244Z/01 $2Trx $#Poola $#Lenkija $#Polija $#Polen Land $#Poland $#Lengyelország $#Poľsko $#Polsko $8--Trx--Polska$gkraj $x01 $9391345966 244Z/01 $2Trx $#Ungari $#Vengrija $#Ungārija $#Ungarn $#Hungary $#Węgry $#Maďarsko $#Maďarsko $#Uhorsko $#Uhersko;Uhry $8--Trx--Magyarország $x02 $9391197150 244Z/01 $2Trx $#Prusy Wschodnie i Zachodnie $8--Trx--Ost- und Westpreußen $x03 $939113373X 244Z/01 $aGeschichte 1009 $x04 244Z/01 $#Bruno $#Bonifatius $#Bonifatius $#Bruno $#Bruno $#Bruno $#Bruno $#Bruno $#Bonifatius $#Bruno $#Brun $#Brunon $#Carinthia, Bruno von $#Bruno $#Brunon $#Brun $7118674749 $8--Tp1--$PBruno$lQuerfurtensis$Z974-1009 $x05 $9087015617 244Z/01 $2Trx $#misjonärid $#misionieriai $#missionaries $#misszionáriusok $#misjonarze $#misionári $#misionáři $8--Trx--Missionare $x06 $9391365673 244Z/01 $2Trx $#pühakud ja õndsad $#šventieji ir palaimintieji $#Saints and Blesseds $#Szentek és Boldogok $#święci i błogosławieni $#svätí a blahoslavení $#svatí a blahoslavení $#Selige $#błogosławieni $#blahoslavení $#blahoslavení $8--Trx--Heilige und Selige $x07 $939138323X 244Z/01 $2Trx $8--Trx--Monographie $x08 $9391384546 244Z/01 $2Trx $#biograafiad $#biografijos $#biography $#életrajzok $#biografia $#biografie $#biografie $8--Trx--Biographie $x09 $9391352938 244Z/01 $aGeschichte 974-2009 $x10 244Z/01 $#Bruno $#Brunon $#Brunon $#Brunon $#Bruno$#Bruno $#Bruno $#Brun $#Brun $#Bruno $7104280050 $8--Tp1--$PBruno$lOlomucensis$Z1205-1281 $x11 $9139543414 245Z/01 $a12.03 $x01 245Z/01 $a10.02.02.01 $x02 247C/01 $82080>Marburg/Lahn, Herder-Institut, Forschungsbibliothek, Bibliographieportal $9336309341
| LEADER | 00000cam a2200000 c 4500 | ||
|---|---|---|---|
| 001 | 224938053 | ||
| 003 | DE-603 | ||
| 005 | 20230603050000.0 | ||
| 007 | tu | ||
| 008 | 100709s2009 xx |||| | u00||u|pol c | ||
| 020 | |a 9788375490824 | ||
| 020 | |a 8375490822 | ||
| 035 | |a (DE-599)HEB224938053 | ||
| 035 | |a (OCoLC)636438151 | ||
| 040 | |a DE-603 |b ger |c DE-603 |d DE-603 | ||
| 041 | |a pol | ||
| 082 | 0 | 4 | |8 1\u |a 200.9438 |q DE-101 |2 23/BSB |
| 083 | 0 | |8 2\u |a 929.09439 |q DE-101 |2 23/BSB | |
| 085 | |8 1\u |b 200.9 | ||
| 085 | |8 1\u |z 2 |s 438 | ||
| 085 | |8 2\u |b 929 | ||
| 085 | |8 2\u |z 2 |s 439 | ||
| 085 | |8 2\u |z 2 |s 438 | ||
| 085 | |8 2\u |z 2 |s 4382 | ||
| 085 | |8 2\u |z 2 |s 43832 | ||
| 100 | 1 | |a Tyszkiewicz, Jan |d 1939- |0 (DE-603)124403042 |0 (DE-588)128923806 |2 gnd | |
| 245 | 0 | 0 | |a Brunon z Querfurtu w Polsce i krajach sa̜siednich |b w tysia̜clecie śmierci 1009 - 2009 |c Jan Tyszkiewicz |
| 246 | 1 | |i Übers. des Hauptsacht. |a Brun von Querfurt in Polen und den benachbarten Ländern im tausendsten Todesjahr | |
| 246 | 1 | 3 | |a Brun von Querfurt in Polen und den benachbarten Ländern im tausendsten Todesjahr |
| 264 | 1 | |a Pułtusk |b Akademia Humanistyczna im. Aleksandra Gieysztora |c 2009 | |
| 300 | |a 223 S. |b Ill. | ||
| 500 | |a Inhaltsverz. und Zsfassung in engl. Sprache u.d.T.: Bruno of Querfurt in Poland and neighbouring countries on one thousand-year anniversary of his death. - Beiträge teilw. latein. | ||
| 600 | 0 | 7 | |a Bruno |c Querfurtensis |d 974-1009 |0 (DE-588)118674749 |0 (DE-603)087015617 |2 gnd |
| 787 | 0 | 8 | |i Rezensiert in |a Mühle, Eduard, 1957- |t Tyszkiewicz, Jan, 1939-. Brunon z Querfurtu w Polsce i krajach sa̜siednich. - Pułtusk : Akademia Humanistyczna im. Aleksandra Gieysztora. - 2009 [Rezension] |w (DE-603)394812352 |
| 856 | 4 | 2 | |m V:DE-603;B:DE-Mb50 |q application/pdf |u http://scans.hebis.de/HEBCGI/show.pl?22493805_toc.pdf |3 Inhaltsverzeichnis |
| 924 | 0 | |9 Mb 50 |a (DE-603)596175221 |b DE-Mb50 |c HES |d c |g 10.3185 | |
| 924 | 0 | |9 2080 |a (DE-603)794551580 |b DE-2080 |c HES |d d |g / | |


